| 000 | 01290nam a2200313 a 4500 | ||
|---|---|---|---|
| 001 | 000047633 | ||
| 003 | DO-SdBNP | ||
| 005 | 20260321073643.0 | ||
| 008 | 100830s 2017 dr 001 0 spa d | ||
| 020 | _a97899451683 03 | ||
| 040 |
_aDO-SdBNP _bspa _cBNPHU |
||
| 082 |
_aBNPHU 327.7307293 _bV422k, 2017 |
||
| 100 | 1 |
_aVega, Bernardo, _d1938 - _93222 |
|
| 245 | 1 | 0 |
_aKennedy y Bosch : _baporte al estudio de las relaciones internacionales del gobierno constitucional de 1963 / _cBernardo Vega. |
| 250 | _a2a. ed. | ||
| 260 |
_aSanto Domingo : _bFundación Cultural Dominicana, _c2017. |
||
| 300 |
_aaxxx, 545 p. ; _c26 cm. |
||
| 500 | _aIncluye índice onomástico | ||
| 500 | _aIncluye datos biográficos del autor en la solapa de la cubierta | ||
| 500 | _aIncluye referencias bibliográficas y notas al pie de las paginas | ||
| 590 | _aInventariado, 2018/VM | ||
| 600 | 1 | 0 |
_a Bosch, Juan, _d1909-2001 _976555 |
| 600 | 1 | 4 |
_akennedy, John F. _q(Jonh Fitzgerald) _d1917-1963 _93189 |
| 651 | 1 | 4 |
_aRepública Dominicana _xRelaciones Exteriores _zEstados Unidos _96308 |
| 651 | 1 | 4 |
_aEstados Unidos _xRelaciones Exteriores _zRepública Dominicana _96309 |
| 651 | 1 | 4 |
_aRepública Dominicana _xPolítica y Gobierno _y1961- _9204 |
| 910 | _aValidado. Control de calidad MFF | ||
| 942 |
_2ddc _cLBS1 |
||
| 999 |
_c47121 _d47121 |
||